An idea a day... 365 great business ideas for each day of the year / (Record no. 23339)

MARC details
000 -LEADER
fixed length control field 00835nam a2200253#a 4500
001 - CONTROL NUMBER
control field 01777
003 - CONTROL NUMBER IDENTIFIER
control field HDC
007 - PHYSICAL DESCRIPTION FIXED FIELD--GENERAL INFORMATION
fixed length control field ta
008 - FIXED-LENGTH DATA ELEMENTS--GENERAL INFORMATION
fixed length control field 230623s2011 xx 000 0 eng d
040 ## - CATALOGING SOURCE
Original cataloging agency HDC
050 ## - LIBRARY OF CONGRESS CALL NUMBER
Classification number HF5386
Item number .A55 2011
245 #3 - TITLE STATEMENT
Title An idea a day... 365 great business ideas for each day of the year /
Statement of responsibility, etc. Jim Blythe ... [et al.].
246 ## - VARYING FORM OF TITLE
Title proper/short title Three hundred and sixty five great business ideas
264 ## - PRODUCTION, PUBLICATION, DISTRIBUTION, MANUFACTURE, AND COPYRIGHT NOTICE
Place of production, publication, distribution, manufacture Singapore :
Name of producer, publisher, distributor, manufacturer Marshall Cavendish Business,
Date of production, publication, distribution, manufacture, or copyright notice c2011.
300 ## - PHYSICAL DESCRIPTION
Extent xix,524p. ;
Dimensions 22cm.
500 ## - GENERAL NOTE
General note The ideas in the book are compiled from titles in the 100 Great Ideas series published by Marshall Cavendish Business.--T.p. verso.
610 ## - SUBJECT ADDED ENTRY--CORPORATE NAME
Corporate name or jurisdiction name as entry element Blythe, Jim.
650 ## - SUBJECT ADDED ENTRY--TOPICAL TERM
Topical term or geographic name entry element Business
General subdivision Miscellanea.
650 ## - SUBJECT ADDED ENTRY--TOPICAL TERM
Topical term or geographic name entry element Success in business.
942 ## - ADDED ENTRY ELEMENTS (KOHA)
Source of classification or shelving scheme Library of Congress Classification
942 ## - ADDED ENTRY ELEMENTS (KOHA)
Koha item type Book
942 ## - ADDED ENTRY ELEMENTS (KOHA)
Call number prefix HF5386
942 ## - ADDED ENTRY ELEMENTS (KOHA)
Call number suffix .A55 2011
Holdings
Withdrawn status Lost status Source of classification or shelving scheme Damaged status Not for loan Collection Home library Current library Shelving location Date acquired Total checkouts Full call number Barcode Date last seen Price effective from Koha item type
    Library of Congress Classification     Non-fiction Halal Development Corporation Library Halal Development Corporation Library Open Shelves 17/11/2020   HF5386 .A55 2011 HDC0001276 24/05/2023 24/05/2023 Book
Halal Development Corporation Berhad (HDC)
5.02 Level 5, KPMG Tower, First Avenue, Persiaran Bandar Utama, 47800 Petaling Jaya, Selangor Darul Ehsan
Phone: +603 7965 5489 Email: [email protected]